000 00774nam a2200229Ii 4500
003 JO-AjNU
008 230605s9999||||xx |||||||||||||| ||und||
017 _a2012/9/3658
020 _a978-9957-32-725-5
040 _aJO-AjNU
_bara
_erda
_cJO-AjNU
041 _aara
050 1 4 _aK5101.M236.2013
100 3 _a المحاسنة، محمد أحمد علي ,
_eauthor
_943357
245 0 0 _aسلطة المحكمة الجزائية في بحث التكييف القانوني للتهمة
250 _aط1
264 3 1 _aعمان : دار الحامد ، 2013
300 _a245ص
336 _atext
_btxt
_2rdacontent
337 _aunmediated
_bn
_2rdamedia
338 _avolume
_bnc
_2rdacarrier
650 4 _aالقانون -- المحاكم الجزائية
_943358
999 _aA18634
_c22202
_d22202